| 000 | 00000nam##2200000za#4500 |
| 001 | 9.527982 |
| 003 | CaOODSP |
| 005 | 20200401033343 |
| 007 | ta |
| 008 | 150406|1997||||xxc||||| f|0| 0 eng|d |
| 020 | |a0-660-60074-9 |
| 040 | |aCaOODSP|beng |
| 041 | |aeng |
| 041 | |afre |
| 043 | |an-cn--- |
| 086 | 1 |aBT31-2/1998-III-16 |
| 110 | 1 |aCanada. |bTreasury Board. |
| 245 | 10|aEnvironment Canada |
| 246 | 1 |iAlternate title : |aA report on plans and priorities, pilot document |
| 260 | |aOttawa - Ontario : |bTreasury Board of Canada Secretariat |c1997. |
| 300 | |aEnglish text, 53p. : |bfigs., tables ; |c28 cm. |
| 490 | 1 |a1997-98 estimates, part III: Expenditure plan |
| 500 | |aN.B.: A report on plans and priorities pilot document. |
| 563 | |aSoftcover |
| 590 | |a97-08|b1997-02-21 |
| 776 | 0#|tEnvironment Canada, 1997-98 estimates, a report on plans and priorities, pilot document |w(CaOODSP)9.567517 |
| 776 | 0#|tEnvironnement Canada, budget des dépenses 1997-1998, un rapport sur les plans et les priorités, document pilote |w(CaOODSP)9.598850 |
| 792 | |tEnvironnement Canada |efre|w(CaOODSP)9.527983 |
| 830 | #0|a1997-98 estimates, part III: Expenditure plan.|w(CaOODSP)9.508958 |